000 00568nam a2200229Ia 4500
003 OSt
005 20221005130706.0
006 a|||||r|||| 00| 0
007 ta
008 221004b |||||||| |||| 00| 0 mal d
024 _a57318
037 _cTextual
040 _aCRL
_cCRL
_bmal
041 _2mal
_amal
082 _aO32,6M88x, J4
100 _aMattom Au.
_9631671
245 0 _aSahitya sudha
260 _c1954
650 _aMALAYALAM LITERATURE
_938866
942 _hO32,6M88x, J4
_cTEXL
_2cc
999 _c1058068
_d1058068